Best Ever British/Irish Premier League Players - Statistics

General Stats
  • This quiz has been taken 153 times
  • The average score is 29 of 50
Answer Stats
Rank: Nationality: Player: % Correct
1 Wales Ryan Giggs
97%
7 England Frank Lampard
92%
8 England Steven Gerrard
92%
6 England Wayne Rooney
91%
43 Ireland Robbie Keane
90%
3 Ireland Roy Keane
90%
2 England Paul Scholes
89%
14 England Andy Cole
88%
10 England Ashley Cole
88%
9 England Rio Ferdinand
88%
26 England Les Ferdinand
87%
17 Wales Gareth Bale
86%
12 England David Beckham
85%
4 England Alan Shearer
82%
13 England Gary Neville
81%
5 England John Terry
81%
47 England Phil Neville
80%
23 England Michael Owen
78%
46 England Harry Kane
74%
18 England David Seaman
72%
15 England Robbie Fowler
69%
11 England Tony Adams
68%
38 England Joe Hart
64%
21 England Teddy Sheringham
63%
20 England Ian Wright
60%
25 England Sol Campbell
58%
32 England Nicky Butt
54%
22 England Jamie Carragher
52%
31 England Michael Carrick
51%
24 Ireland Dennis Irwin
49%
41 England David James
48%
39 England Martin Keown
45%
16 Wales Gary Speed
44%
19 England Matt Le Tissier
44%
37 England Paul Ince
44%
30 England Steve Bruce
42%
42 England Chris Sutton
39%
33 England Gareth Barry
39%
28 England Lee Dixon
38%
34 England Steve McManaman
38%
29 England Gary Pallister
36%
44 England Kevin Phillips
31%
27 England Ledley King
29%
45 England Nigel Winterburn
24%
49 England Darren Bent
22%
48 England Scott Parker
22%
50 England Kevin Davies
14%
35 England Peter Beardsley
14%
40 England Danny Murphy
13%
36 England David Battey
1%
No matching quizzes found
Score Distribution
Percent of People with Each Score
Percentile by Number Answered
Your Score History
You have not taken this quiz